000 00442nam a2200169 a 4500
005 20140412111415.0
008 070706s19uu xx 00 eng d
020 _a81-7301-107-9
050 _aTR(GS 629.04
_bM99 2005
100 _aChawla, Aman
245 _aMy big book of Vehicles /
_cAman Chawla.
260 _aIndia :
_bDreamland Publications,
_c2005.
300 _a32
440 _aDreamland
650 _aVehicles
999 _c105797
_d105797